Arquitectura del paisaje internacional /

Сохранить в:
Библиографические подробности
Главный автор: Asensio Cerver, Francisco (autor)
Формат:
Язык:испанский
Опубликовано: Barcelona, España : editorial no identificada, 1997, c1997
Предметы:
Метки: Добавить метку
Нет меток, Требуется 1-ая метка записи!

MARC

LEADER 00000nam^a2200000^a^4500
001 000063954
005 20250521000000.0
009 20260310091047.477
020 |a 84-8185-161-2 
037 |a Acervo ITESO - Biblioteca 
041 |a ESP 
082 |a 712. 5  |b ASE 
100 |a Asensio Cerver, Francisco  |e (autor) 
245 1 0 |a Arquitectura del paisaje internacional /  |c F. Asencio Cerver. 
264 4 |a Barcelona, España :  |b editorial no identificada,  |c 1997, c1997 
300 |a 191 p. 
336 |a texto  |b txt  |2 rdacontenido 
337 |a sin mediación  |b n  |2 rdamedio 
338 |a volumen  |b nc  |2 rdasoporte 
649 |a XX 
650 |a Arquitectura del Paisaje 
650 |a Arquitectura Moderna 
650 |a Ecodiseño 
650 |a Diseño Urbano 
650 |a Jardines 
650 |a Parques Públicos y Alamedas 
650 |a Urbanismo 
910 |a Fondo General 
920 |a Impresos - Libros 
930 |a Colección General 
905 |a 101 
901 |a 0500017221  |b IT1  |c ACC  |u 20250521 
902 |a https://opac.biblio.iteso.mx/vufind/Record/000063954